Química y medio ambiente: primero medio
Salvato in:
| Autore principale: | |
|---|---|
| Altri autori: | , |
| Natura: | Libro |
| Lingua: | spagnolo |
| Pubblicazione: |
Santiago
Santillana
2005
|
| Soggetti: | |
| Tags: |
Aggiungi Tag
Nessun Tag, puoi essere il primo ad aggiungerne!!
|
MARC
| LEADER | 00000nam a2200000 a 4500 | ||
|---|---|---|---|
| 001 | UCK9426 | ||
| 003 | CL-VaPUC | ||
| 008 | 060512e20050000CL |||||||||||||||||spa|d | ||
| 020 | |a 9561509792 | ||
| 082 | 0 | 4 | |a 372.357 |b DIC |2 21 |
| 100 | 0 | |a Di Cosmo Tersigni, Mario |e author |9 499223 | |
| 700 | |a Marambio Montero, Leonor Aída |e autora |9 544425 | ||
| 700 | |a Mora Cubillos, Daniel Pascual |e autor |9 544423 | ||
| 245 | 1 | 0 | |a Química y medio ambiente: primero medio |
| 300 | |a 191 p | ||
| 942 | |c BK | ||
| 945 | |d 20060512 00:00:00 |a jtorresc | ||
| 260 | |a Santiago |b Santillana |c 2005 | ||
| 650 | 0 | |a Medio ambiente |9 257625 | |
| 650 | 0 | |a Química |9 259896 | |
| 650 | 0 | |a Recursos naturales |9 255232 | |
| 650 | 0 | |a Educación ambiental |9 262920 | |
| 583 | |a last modification |c 20060512 00:00:00 |k Rodrigo Vera | ||
| 999 | |c 316633 |d 316631 | ||